000 00452nam a2200181Ia 4500
001 17997
005 20260306171558.0
008 260306s9999||||xx |||||||||||||| ||und||
041 _aESP
082 _a658.304
_bD98
100 _aDurán, Sonia Ethel
_eAUT
245 0 _aOrganizaciones exitosas. Procesos multiculturales
260 _c2017
300 _axv, 194 páginas :
_c24 cm.
650 _aGEN
654 _aCAN
942 _cLIB
_dJUS
_fJUS
_2ddc
_n
999 _c17997
_d17997